| 000 | 004270000a22001210004500 | ||
|---|---|---|---|
| 090 |
_aAS _bSeriadas |
||
| 245 | 1 | 0 | _aSistema de producción y cambios en la fertilidad del suelo en la reserva integral "La Macarena" |
| 041 | 0 | _aEspañol | |
| 700 | 1 |
_aVargas Ríos, Orlando _93724 |
|
| 100 | 1 |
_aAmat García, Germán _95379 |
|
| 942 | _cARTICULO | ||
| 773 | 1 |
_tRevista de la Facultad de Ciencias Universidad Javeriana _h2 _q11-28 _d1988 _g1 |
|
| 999 |
_c15800 _d15800 |
||